Crossing Boundaries:The Art Of Lee Waisler (Record no. 367518)

MARC details
000 -LEADER
fixed length control field 00390 a2200145 4500
005 - DATE AND TIME OF LATEST TRANSACTION
control field 20250826171620.0
008 - FIXED-LENGTH DATA ELEMENTS--GENERAL INFORMATION
fixed length control field 250826b |||||||| |||| 00| 0 eng d
020 ## - INTERNATIONAL STANDARD BOOK NUMBER
International Standard Book Number 9781890206345
082 ## - DEWEY DECIMAL CLASSIFICATION NUMBER
Classification number 720.95/TAG
100 ## - MAIN ENTRY--PERSONAL NAME
Author Tagore S
245 ## - TITLE STATEMENT
Title Crossing Boundaries:The Art Of Lee Waisler
260 ## - PUBLICATION, DISTRIBUTION, ETC.
Name of publisher, distributor, etc. Mapin Publishing PVT Ltd
Date of publication, distribution, etc. 2002
Place of publication, distribution, etc. Ahmedabad
300 ## - PHYSICAL DESCRIPTION
Extent 132p
Other physical details HB
942 ## - ADDED ENTRY ELEMENTS (KOHA)
Koha item type Books
Holdings
Withdrawn status Lost status Source of classification or shelving scheme Damaged status Not for loan Collection code Home library Current library Date acquired Vendor Net Price Full call number Barcode Date last seen Actual Price Bill Date Koha item type
    Dewey Decimal Classification     Book of B Arch Dr. Bhanuben Nanavati College of Architecture Dr. Bhanuben Nanavati College of Architecture 26/08/2025 169 945.00 720.95/TAG BNCA-BK-13184 26/08/2025 1500.00 26/08/2025 Books